000 00677cam a22002291 4500
001 sa 68001124
003 DLC
005 20260227112430.0
008 710903s1967 ii ac 00010 eng
010 _asa 68001124 //r842
025 _aPL480:I-E-8459
043 _aa-ii---
050 0 _aJQ256
_b.A55 1967
082 _a328.54/002/02
110 1 0 _aIndia.
_bMinistry of Information and Broadcasting.
245 1 4 _aThe Indian Parliament.
250 _a[Rev. ed.
260 0 _aDelhi]
_bPublications Division, Ministry of Information & Broadcasting, Govt. of India
_c[1967]
300 _a68 p.
_billus., ports.
_c22 cm.
350 _aRs1.25
610 1 0 _aIndia.
_bParliament.
999 _c77721
_d77721